<?xml version="1.0" encoding="UTF-8"?>
<collection xmlns:xsi="http://www.w3.org/2001/XMLSchema-instance" xsi:schemaLocation="http://www.loc.gov/MARC21/slim http://www.loc.gov/standards/marcxml/schema/MARC21slim.xsd" xmlns="http://www.loc.gov/MARC21/slim">
 <record>
  <leader>00000ctm a22000003i 4500</leader>
  <controlfield tag="001">UP-1685523046126318110</controlfield>
  <controlfield tag="003">Buklod</controlfield>
  <controlfield tag="005">20231106115640.0</controlfield>
  <controlfield tag="006">m    |o  d |      </controlfield>
  <controlfield tag="007">ta</controlfield>
  <controlfield tag="008">230905s        xx     d     |||| ||    |</controlfield>
  <datafield tag="035" ind1=" " ind2=" ">
   <subfield code="a">(iLib)UPMNL-00015383059</subfield>
  </datafield>
  <datafield tag="040" ind1="0" ind2=" ">
   <subfield code="a">NTTCHP</subfield>
   <subfield code="e">rda</subfield>
  </datafield>
  <datafield tag="041" ind1="0" ind2=" ">
   <subfield code="a">eng</subfield>
  </datafield>
  <datafield tag="090" ind1="0" ind2="0">
   <subfield code="a">LG995 2001 H32 </subfield>
   <subfield code="b">A85</subfield>
  </datafield>
  <datafield tag="100" ind1="1" ind2=" ">
   <subfield code="a">Atienza, Melflor A.</subfield>
   <subfield code="e">author</subfield>
  </datafield>
  <datafield tag="245" ind1="0" ind2="0">
   <subfield code="a">Matching the fellowship training program in gastroenterology with the demands of the profession</subfield>
   <subfield code="c">Melflor A. Atienza.</subfield>
  </datafield>
  <datafield tag="264" ind1=" " ind2="0">
   <subfield code="a">2001</subfield>
  </datafield>
  <datafield tag="300" ind1=" " ind2=" ">
   <subfield code="a">68 leaves</subfield>
  </datafield>
  <datafield tag="336" ind1=" " ind2=" ">
   <subfield code="a">text</subfield>
   <subfield code="2">rdacontent</subfield>
  </datafield>
  <datafield tag="337" ind1=" " ind2=" ">
   <subfield code="a">unmediated</subfield>
   <subfield code="2">rdamedia</subfield>
  </datafield>
  <datafield tag="338" ind1=" " ind2=" ">
   <subfield code="a">volume</subfield>
   <subfield code="2">rdacarrier</subfield>
  </datafield>
  <datafield tag="502" ind1=" " ind2=" ">
   <subfield code="a">Major project (Master in Health Professions Education)--University of the Philippines Manila</subfield>
  </datafield>
  <datafield tag="520" ind1="0" ind2=" ">
   <subfield code="a">The central task of clinical fellowship training programs is preparing trainees for eventual practice. Establishing correspondence between training and practice ensures program relevance and ultimately, quality health care. Given this rationale, the Philippine Society of Gastroenterology (PSG) laid down its core curriculum for the fifteen accredited training hospitals to implement. However, differences in program implementation and new developments in the field of Gastroenterology may affect preparedness of graduates. This study aimed to describe the graduates' professional activities and their perceptions of the adequacy of the program in preparing them for those activities, specifically, in terms of the degrees of preparedness in various areas of competencies and importance of those content areas in practice. This study utilized a cross sectional survey. A questionnaire was circulated to all 50 accessible graduates from 1997-1999. Interviews and review of secondary data were done. An area of competency was described as adequate if there was a match between the degrees of importance and preparedness. A significant discrepancy based on the Wilcoxon Matched-pairs Signed-ranks test was described as underpreparation or over preparation. Thirty-four graduates participated in this study representing 68 percent response rate. All are in clinical practice; most are affiliated with tertiary hospitals in Metro Manila and other cities. They vary significantly in their work schedule, types and number of cases handled. Other activities include research, teaching and administrative functions.  Results showed underpreparation in the knowledge component of the program. There was adequate preparation in communication and administrative skills but underpreparation in teaching, research, problem solving, decision-making and clinical skills. Achieving the minimum numbers required by the PSG for diagnostic endoscopic procedures proved to be adequate in preparing respondents for practice. However, there was underpreparation in ERCP and other therapeutic procedures. This was associated with the number of patients and the duration of rotation. The attitudinal component of training was perceived as adequate.  Respondents reported adequacy of their preparation in the clinical rotations in the different areas while lectures and conferences were ?somewhat adequate.? Each institution had at least three consultants but it was the time spent with trainees, the amount of supervision and the number of demonstrations that were associated with perception. Except for duodenoscopes and colonoscopes, the availability of facilities was not significantly associated with their perceptions. The study thus showed that to the graduates, an ideal teaching-learning environment is preferred but does not matter as much as the more crucial factors, namely, sufficient clinical cases and quality supervision of consultants. In those areas where there was underpreparation, specifically, knowledge, clinical, research and teaching skills, and therapeutic endoscopic skills, there is much room for improvement in the implementation of the Gastroenterology training program.</subfield>
  </datafield>
  <datafield tag="650" ind1="1" ind2="0">
   <subfield code="a">Gastroenterology</subfield>
   <subfield code="x">Study and teaching (Residency)</subfield>
  </datafield>
  <datafield tag="905" ind1=" " ind2=" ">
   <subfield code="a">FI</subfield>
  </datafield>
  <datafield tag="905" ind1=" " ind2=" ">
   <subfield code="a">UP</subfield>
  </datafield>
  <datafield tag="852" ind1="0" ind2=" ">
   <subfield code="a">UPMNL</subfield>
   <subfield code="b">NTTC</subfield>
   <subfield code="h">LG 995 2001 H32</subfield>
   <subfield code="i">A85</subfield>
  </datafield>
  <datafield tag="942" ind1=" " ind2=" ">
   <subfield code="a">Thesis</subfield>
  </datafield>
 </record>
</collection>
